| 000 | 00525nam a2200157Ia 4500 | ||
|---|---|---|---|
| 008 | 160316s1998 xxu||||| |||| 00| 0 eng d | ||
| 082 |
_a0.000000 _b |
||
| 100 | _a | ||
| 245 | _aReport to the Netherlands government on the visit to the Netherlands carried out by the European committee for the prevention of torture and inhuman or degrading treatment or punishment from 17 to 27 nov 1997 | ||
| 250 | _a | ||
| 260 |
_aSrasbourg _bCouncil of Europe _c1998 |
||
| 300 |
_a75p _b _c |
||
| 365 | _b | ||
| 650 | _a | ||
| 700 |
_a _a |
||
| 999 |
_c18490 _d18490 |
||